Ionic polymerization:unsolved problems (Record no. 24450)

MARC details
000 -LEADER
fixed length control field 00304nam a2200121Ia 4500
082 ## - DEWEY DECIMAL CLASSIFICATION NUMBER
Classification number 028.2875
Item number FUR
100 ## - MAIN ENTRY--AUTHOR NAME
Personal name Furukawa, J
245 #0 - TITLE STATEMENT
Title Ionic polymerization:unsolved problems
260 ## - PUBLICATION, DISTRIBUTION, ETC. (IMPRINT)
Place of publication New York
Name of publisher Dekker
Year of publication 1976
700 ## - ADDED ENTRY--PERSONAL NAME
Personal name Vogl, O
942 ## - ADDED ENTRY ELEMENTS (KOHA)
Koha item type Books
Holdings
Withdrawn status Lost status Damaged status Not for loan Home library Current library Date acquired Cost, normal purchase price Full call number Accession Number Koha item type
        RRII Library RRII Library 16/12/2021 45.00 028.2875 FUR 05132 Books